<?xml version="1.0" encoding="UTF-8"?>
<collection xmlns="http://www.loc.gov/MARC21/slim">
 <record>
  <leader>02913nam a2200289 a 4500</leader>
  <controlfield tag="001">1/47707</controlfield>
  <controlfield tag="008">180418s2000    gr       b    001 0 gre  </controlfield>
  <datafield tag="020" ind1=" " ind2=" ">
   <subfield code="a">9608638755</subfield>
  </datafield>
  <datafield tag="035" ind1=" " ind2=" ">
   <subfield code="l">50696</subfield>
  </datafield>
  <datafield tag="040" ind1=" " ind2=" ">
   <subfield code="a">GR-PeUP</subfield>
  </datafield>
  <datafield tag="082" ind1="0" ind2="0">
   <subfield code="a">938.483 PAN ΜΤΦ</subfield>
  </datafield>
  <datafield tag="100" ind1="1" ind2=" ">
   <subfield code="a">Pantelic, Dusan.</subfield>
  </datafield>
  <datafield tag="245" ind1="1" ind2="2">
   <subfield code="a">Η εκτέλεση του Ρήγα /</subfield>
   <subfield code="c">Ντούσαν Πάντελιτς ; μετάφραση από τα σερβοκροατικά Πασχαλίνα Σπυρούδη ; εισαγωγικό σημείωμα Ιωάννης Α. Παπαδριανός ; επιμέλεια Δημήτριος Καραμπερόπουλος.</subfield>
  </datafield>
  <datafield tag="260" ind1=" " ind2=" ">
   <subfield code="a">Αθήνα :</subfield>
   <subfield code="b">Έκδοση Επιστημονικής Εταιρείας Μελέτης &quot;Φερών-Βελεστίνου-Ρήγα&quot;,</subfield>
   <subfield code="c">[2000].</subfield>
  </datafield>
  <datafield tag="300" ind1=" " ind2=" ">
   <subfield code="a">128 σ. :</subfield>
   <subfield code="b">εικ. ;</subfield>
   <subfield code="c">23 εκ.</subfield>
  </datafield>
  <datafield tag="500" ind1=" " ind2=" ">
   <subfield code="a">Περιεχόμενα: Η προετοιμασία για την επανάσταση - Τα πρώτα χρόνια του Ρήγα - Ο Ρήγας Βελεστινλής στη Βιέννη - Θούριος - Η Χάρτα της Ελλάδος- Ο Βοναπάρτης στην Ιταλία - Το Σύνταγμα - Στα χέρια της Αυστριακής Αστυνομίας - Η παράδοση του Ρήγα και των συντρόφων του στους Τούρκους - Στο Βελιγράδι - Η εκτέλεση - Οι Σέρβοι για το σχέδιο του Ρήγα - Η άφιξη του Ρήγα στη Βιέννη - Ο Δημήτριος Οικονόμου για το κίνημα του Ρήγα - Η διαταγή για τη μεταφορά του Ρήγα και των συντρόφων του - Η μεταφορά του Ρήγα και η παράδοση του στους Τούρκους - Η ημερομηνία του θανάτου του Ρήγα.</subfield>
  </datafield>
  <datafield tag="504" ind1=" " ind2=" ">
   <subfield code="a">Περιλαμβάνει βιβλιογραφικές αναφορές και ευρετήριο.</subfield>
  </datafield>
  <datafield tag="600" ind1="1" ind2="4">
   <subfield code="a">Ρήγας, Βελεστινλής, 1757 -1798</subfield>
   <subfield code="x">Θάνατος και ταφή.</subfield>
  </datafield>
  <datafield tag="650" ind1=" " ind2="4">
   <subfield code="a">Νεοελληνικός διαφωτισμός</subfield>
   <subfield code="x">Ιστορία και κριτική.</subfield>
  </datafield>
  <datafield tag="650" ind1=" " ind2="4">
   <subfield code="a">Revolutionaries</subfield>
   <subfield code="z">Greece</subfield>
   <subfield code="x">Biography.</subfield>
  </datafield>
  <datafield tag="600" ind1="1" ind2="4">
   <subfield code="a">Ρήγας, Βελεστινλής, 1757 -1798</subfield>
   <subfield code="x">Θάνατος και ταφή.</subfield>
  </datafield>
  <datafield tag="650" ind1=" " ind2="4">
   <subfield code="a">Οι επαναστάτες</subfield>
   <subfield code="z">Ελλάδα</subfield>
   <subfield code="x">Βιογραφία.</subfield>
  </datafield>
  <datafield tag="651" ind1=" " ind2="4">
   <subfield code="a">Ελλάδα</subfield>
   <subfield code="x">Ιστορία</subfield>
   <subfield code="x">Επανάσταση του 1821.</subfield>
  </datafield>
  <datafield tag="700" ind1="1" ind2=" ">
   <subfield code="a">Σπυρούδη, Πασχαλίνα.</subfield>
  </datafield>
  <datafield tag="700" ind1="1" ind2=" ">
   <subfield code="a">Καραμπερόπουλος, Δημήτριος Α , 1945-</subfield>
  </datafield>
  <datafield tag="700" ind1="1" ind2=" ">
   <subfield code="a">Παπαδριανός, Ιωάννης Α.</subfield>
  </datafield>
  <datafield tag="852" ind1=" " ind2=" ">
   <subfield code="a">INST</subfield>
   <subfield code="b">UNIPILB</subfield>
   <subfield code="c">MAIN</subfield>
   <subfield code="e">20180418</subfield>
   <subfield code="h">938.483 PAN ΜΤΦ</subfield>
   <subfield code="p">00169055</subfield>
   <subfield code="q">00169055</subfield>
   <subfield code="t">LOAN</subfield>
   <subfield code="y">0</subfield>
   <subfield code="4">1</subfield>
  </datafield>
 </record>
</collection>
